Casee - Statistics

General Stats
  • This quiz has been taken 7 times
  • The average score is 9 of 15
Answer Stats
Hint Answer % Correct
How old is Caseoh in February 2025? It’s in the 20’s 26
100%
Caseoh was born 199_? 8
100%
Caseoh was born May_? 9
100%
What is Caseoh’s first name? Case
100%
Caseoh was born in Arkansas, with the county being also the name of a Texan city: what is it? Dallas
100%
What is Caseoh known for? Streaming
100%
What colour hair is Caseoh? (Fancy word) Ginger
67%
What did Caseoh start playing when streaming? NBA 2K
67%
How much does Caseoh weigh in Pounds? 315
33%
How did Caseoh get his stream name? It has to do with his real name and a Spanish word Case and Queso
33%
What is Caseoh’s most famous video? It has to do with fears and a fathom Fears and Fathom
33%
What game did Caseoh get famous with? Hogwarts
33%
What two games does Caseoh mostly play? Minecraft and Fortnite
33%
How did Caseoh get famous? Raging
33%
What is his Middle and last name? Middle name is a common first name with D, and the last name is the name of someone who makes pastries Dylan Baker
0%
No matching quizzes found
Score Distribution
Percent of People with Each Score
Percentile by Number Answered
Your Score History
You have not taken this quiz